1520 1614 1023 1265 1658 1684 1627 1050 1277 1288 1363 1055 1550 1641 1863 1973 1795 1379 1309 1929 1668 1350 1596 1614 1853 1880 1746 1828 1702 1699 1107 1947 1256 1720 1970 1534 1260 1932 1285 1730 1447 1354 1545 1487 1650 1811 1857 1659 1082 1679 1027 1688 1096 1144 1164 1521 1484 1804 1056 1275 1477 1464 1844 1446 1502 1978 1337 1817 1284 1816 1836 1060 1211 1347 1155 1975 1709 1966 1561 1478 1537 1592 1120 1308 1369 1854 1461 1524 1778 1940 1494 1566 1353 1755 1945 1977 1688 1355 1977 BCNSPRNW ULIB Ver.6.0+V

เปลี่ยนเป็นภาษาไทย

Change to English
 แสดงรายละเอียดบรรณานุกรม
  กลับหน้าหลัก

Brief Record : Get Marc (ISO 2709) : E-mail record : QR code < ปิดหน้าต่าง
LEADER : 00000nam 2200000uu 4500
001    13399126492
003     ULIB
008    020711s2017 th a 000 0 eng d
020    ^a9781119266662
060    ^aW50^bN634A
100    ^aNicola Cooper, Anna Frain, John Frain
245    ^aABC of Clinical Professionalism
260    ^aHoboken, NJ :^bWiley Blackwell,^c2017
300    ^a81 pages;^b30 cm
650    MESH:Professionalism
650    ^aPatient Care-ethics
650    ^aConfidentiality
760    ^aPart of the ABC Series series
945    ^p1232^l0^i004665
999    ^aประนอม เกษจรัล
รายการนี้ยังไม่มีแท็ก
คุณยังไม่ได้ล็อกอิน คุณสามารถมีกิจกรรมร่วมกับเว็บไซต์ได้ แต่ต้องล็อกอินก่อน ::
  ล็อกอิน

รายการสื่อสารสนเทศ

ลำดับที่ ประเภท เลขเรียก/บาร์โค้ด สถานที่ สถานะ
1. วิทยาศาสตร์การแพทย์ และสุขภาพ
หนังสือสำรอง
สถานะ=หนังสือสำรอง
W50 N634A ฉ.1 
  Barcode: 004665
ห้องสมุดวิทยาเขตสวรรค์ประชารักษ์
►หนังสือทั่วไป
บนชั้น

รายการใกล้เคียง
    ชื่อเรื่อง [ABC of Clinical Professionalism]

    ผู้แต่ง [Nicola Cooper, Anna Frain, John Frain]

    หัวเรื่อง [MESH:Professionalism]
    หัวเรื่อง [Patient Care-ethics]
    หัวเรื่อง [Confidentiality]

BibComment


ยังไม่เคยถูกคอมเมนท์

คอมเมนท์ทรัพยากรรายการนี้
  คอมเมนท์: ABC of Clinical ..


 Copyright 2026. Bcnsprnw @Library